000 00458nam 22001693 4500
001 198375
090 _a198375
100 _a20251010d u||y0pory50 ba
200 _aJean Vigo
_fLuís Filipe Rocha
210 _aLisboa
_cEdições Afrontamento
_d1981
215 _a140 p.
_cbrochado
_d21 cm
606 _aCinema. Filmes
_916666
675 _a791
_vPT
_zpor
700 _914328
_aRocha
_bLuís Filipe
801 _aPT
_bBMMN
_gRPC
830 _cFernando
_fFernando
990 _cLIVROS